Biblioteca

Emerging missions in a global church (Registro nro. 70632)

Detalles MARC
000 -LÍDER
Campo fijo de descripción fija 01266nab a2200253 i 4500
001 - NÚMERO DE CONTROL
Campo de control 768714001
003 - IDENTIFICADOR DEL NÚMERO DE CONTROL
Campo de control CO-MdFUSB
005 - FECHA Y HORA DE LA ULTIMA TRANSACCIÓN
control field 20240731095605.0
008 - ELEMENTOS DE LONGITUD FIJA -- INFORMACIÓN GENERAL
Campo fijo de descripción fija -- Información general 240731t1986 -us||||| |||| 00| 0 eng d
040 ## - FUENTE DE CATALOGACIÓN
Idioma de catalogación spa
Agencia que realiza la transcripción CO-MdFUSB
Agencia que realiza la modificación CO-MdFUSB
041 ## - CÓDIGO DE IDIOMA
Código de idioma para texto/pista de sonido o título separado eng
100 ## - ASIENTO PRINCIPAL--NOMBRE PERSONAL
Nombre personal Pate, Larry D.,
Término relacionador autor
245 ## - TÍTULO
Título Emerging missions in a global church
Mención de responsabilidad / Larry D. Pate, Lawrence E. Keyes
520 ## - NOTA DE RESUMEN, ETC.
Nota de sumario, etc. En este artículo, se informa que en esa época había más de 20.000 misioneros no occidentales y que la tasa de crecimiento de las misiones no occidentales de 1972 a 1982 fue del 448 por ciento. <br/>La mayoría de los misiólogos que estudian el futuro están descubriendo que los mensajeros de buenas noticias y predicciones positivas son cada vez más evidentes.
546 ## - NOTA DE IDIOMA
Nota de idioma Texto en inglés.
650 #0 - ASIENTO SECUNDARIO DE MATERIA - TERMINO TEMÁTICO
Término temático o nombre geográfico como elemento de entrada Misiones
9 (RLIN) 154
650 #0 - ASIENTO SECUNDARIO DE MATERIA - TERMINO TEMÁTICO
Término temático o nombre geográfico como elemento de entrada Evangelización
9 (RLIN) 362
650 #7 - ASIENTO SECUNDARIO DE MATERIA - TERMINO TEMÁTICO
Término temático o nombre geográfico como elemento de entrada Antropología cultural y social
9 (RLIN) 6714
650 #0 - ASIENTO SECUNDARIO DE MATERIA - TERMINO TEMÁTICO
Término temático o nombre geográfico como elemento de entrada Historia de la Iglesia
9 (RLIN) 153
700 ## - ENTR. SECUNDARIA - Nombre Personal (R)
Nombre de persona Keyes, Lawrence E.,
Fechas 1944-
Término indicativo de función autor
773 0# - ASIENTO DE ITEM FUENTE
Biblionumber 49483
Itemnumber 82881
Otro identificador del ítem R2709
Título International Bulletinof Missionary Research
Número de control del registro (CO-MdFUSB)768714001
Número Internacional Normalizado para Publicaciones Seriadas (ISSN) 0272-6122
Parte(s) relacionada(s) / Volumen., número. (mes año), páginas Volumen 10, (número 4, 1986), páginas: 156 - 161
Enumeración y primera página página: 156
942 ## - TIPO DE MATERIAL (KOHA)
Tipo de Item KOHA Artículos de Revista
945 ## - INFORMACIÓN LOCAL DEL REGISTRO
Catalogador Catherine Arias Álvarez - Practicante SENA

No hay ítems disponibles.

Biblioteca FUSBC | Teléfono: (57+4) 349 88 10 Ext. 141| WhatsApp (+57) 3005338115 
E-mail: biblioteca@unisbc.edu.co | Calle 76 87-14 Robledo Palenque, Medellín, Colombia

Con tecnología Koha